000 00831nam a2200193 a 4500
001 000818711
003 AM-YeHGA
005 20250617162221.0
008 110622s1900 ||||||||r|||||000|0|rus|d
040 _aAM-YeHGA
041 0 _arus
100 1 _aОрбели, Д.И.
245 1 0 _aСовременное состояние учения о прогрессивном параличе /
_cД.І. Орбели.
246 1 3 _aСовременное состояніе ученія о прогрессивномъ параличѣ
260 _aС.-Петербургъ :
_bИзданіе "Русскаго Медицинскаго Вѣстника",
_c1900.
300 _a126 с. ;
_c18 см.
650 1 4 _aПаралич прогрессивный
_xЭтиология
_xДиагностика
_xТерапия
090 _c488489
999 _c485120
_d485120